Type flag Antarctica Flag - Statistics

General Stats
  • This quiz has been taken 115 times
  • The average score is 7 of 7
Answer Stats
Picture Answer % Correct
Argentina
100%
United Kingdom
96%
Chile
95%
Australia
93%
France
93%
Norway
93%
New Zealand
90%
No matching quizzes found
Score Distribution
Percent of People with Each Score
Percentile by Number Answered
Your Score History
You have not taken this quiz